00738nam a2200229 4500003000900000005001700009008003900026020001800065040002200083082002000105100000600125245014900131260004000280300002900320650001600349650001700365650002900382650002100411700001900432700002800451710002900479DO-SdBNP20220314125556.0170112b2 ck||||| |||| 00| 0 spa d a9789586774192 aBPMSUbspacBPMSU a574bM965e 222 a  aEl mundo de la ecología /credacción de textos y epígrafes Jaime Banchs ... [et al.] ; edición gráfica e ilustración Victoria Grasa. aBogotá :bZamora Editores ,c2011 a376 p. : bil. : c28 cm 4aEcología. 4aEcosistemas. 4aEcosistemas acuáticos. 4aContaminación.1 aBanchs, Jaime.1 aGrasa, Victoria eils. 2 aOcéano Grupo Editorial